| 000 | 00395nam a2200181Ia 4500 | ||
|---|---|---|---|
| 005 | 20250423095612.0 | ||
| 008 | 250422s9999 xx 000 0 und d | ||
| 020 | _a0515120340 | ||
| 050 | _aPR 9387 .N45/ | ||
| 100 | _aNelson, Rachelle | ||
| 245 | 0 | _aHeartbound | |
| 260 | _aNew York | ||
| 260 | _bJove Books | ||
| 260 | _c1997 | ||
| 300 | _a276 p | ||
| 650 | _aLIterature | ||
| 942 | _cBK | ||
| 999 |
_c30771 _d30771 |
||